000
00281nam a22001337a 4500
008
180813b xxu||||| |||| 00| 0 eng d
041
_a
eng
080
_a
618
082
_a
618
100
_a
10
101
_a
GJIN
245
_a
Human embryology
_c
Hamilton.W.J
942
_2
udc
_c
BK
999
_c
47048
_d
47048